Người Thái ở Tây Bắc The Thai in the north - west of Việt Nam
Zapisane w:
| 1. autor: | |
|---|---|
| Format: | Książka |
| Język: | Undetermined |
| Wydane: |
H.
Thông Tấn
2008
|
| Hasła przedmiotowe: | |
| Dostęp online: | http://lrc.tdmu.edu.vn/opac/search/detail.asp?aID=2&ID=7164 |
| Etykiety: |
Dodaj etykietę
Nie ma etykietki, Dołącz pierwszą etykiete!
|
| Thư viện lưu trữ: | Trung tâm Học liệu Trường Đại học Thủ Dầu Một |
|---|
| LEADER | 00673nam a2200205Ia 4500 | ||
|---|---|---|---|
| 001 | TDMU_7164 | ||
| 008 | 210410s9999 xx 000 0 und d | ||
| 082 | |a 305.895 91 | ||
| 090 | |b V500 | ||
| 100 | |a Vũ, Khánh | ||
| 245 | 0 | |a Người Thái ở Tây Bắc | |
| 245 | 4 | |b The Thai in the north - west of Việt Nam | |
| 245 | 0 | |c Vũ Khánh | |
| 260 | |a H. | ||
| 260 | |b Thông Tấn | ||
| 260 | |c 2008 | ||
| 300 | |a 150tr | ||
| 650 | |a Dân tộc học; Dân tộc Thái; Tây Bắc; Việt Nam | ||
| 856 | |u http://lrc.tdmu.edu.vn/opac/search/detail.asp?aID=2&ID=7164 | ||
| 980 | |a Trung tâm Học liệu Trường Đại học Thủ Dầu Một | ||